000 00444nam a2200181Ia 4500
001 16491
005 20260306170313.0
008 260306t2007||||xx |||||||||||||| ||und||
041 _aESP
082 _a348.6
_bM44
100 _aMesinas Montero, Federico
_eAUT
245 0 _aGuía operativa de la jurisprudencia laboral
260 _c2007
300 _a228 páginas :
_ccm.
650 _aGEN
654 _aCDE
942 _cLIB
_dJUS
_fJUS
_2ddc
_n
999 _c16491
_d16491